Statistics for National Animals Quiz

Click here to take the quiz!

General Stats

  • This quiz has been taken 18 times
  • The average score is 8 of 12

Answer Stats

Answer% Correct
australia
100%
China
100%
United States of America
94%
india
88%
russia
81%
canada
75%
tanzania
69%
brazil
50%
nepal
50%
thailand
44%
greece
13%
cyprus
6%

Score Distribution

Percentile by Number Answered

Percent of People with Each Score

Your Score History

You have not taken this quiz